000 00753cam a22002293a 4500
001 29460
003 PGUSA
005 20140828083634.0
008 090719s2009||||xxu|||||s|||||000 | eng d
040 _aPGUSA
_beng
042 _adc
050 4 _aJK
100 1 _aField, David Dudley,
_d1805-1894
245 1 4 _aThe Electoral Votes of 1876 :
_bWho Should Count Them, What Should Be Counted, and the Remedy for a Wrong Count
_h[electronic resource] /
_cDavid Dudley Field
260 _bProject Gutenberg,
_c2009
506 _aPublic domain in the USA.
516 _aElectronic text
653 _aPresidents -- United States -- Election -- 1876
830 0 _aProject Gutenberg
_v29460
856 4 0 _uhttp://www.gutenberg.org/ebooks/29460
942 _cEB
999 _c258715
_d258715